<?xml version="1.0" encoding="UTF-8"?>
<collection xmlns="http://www.loc.gov/MARC21/slim">
 <record>
  <leader>02907cam a22006852c 4500</leader>
  <controlfield tag="001">276827376</controlfield>
  <controlfield tag="003">DE-627</controlfield>
  <controlfield tag="005">20250110165603.0</controlfield>
  <controlfield tag="007">tu</controlfield>
  <controlfield tag="008">920910s1991    xx |||||      00| ||ger c</controlfield>
  <datafield tag="015" ind1=" " ind2=" ">
   <subfield code="a">91,A40,1018</subfield>
   <subfield code="2">dnb</subfield>
  </datafield>
  <datafield tag="016" ind1="7" ind2=" ">
   <subfield code="a">911181423</subfield>
   <subfield code="2">DE-101</subfield>
  </datafield>
  <datafield tag="020" ind1=" " ind2=" ">
   <subfield code="a">3735202462</subfield>
  </datafield>
  <datafield tag="035" ind1=" " ind2=" ">
   <subfield code="a">(DE-627)276827376</subfield>
  </datafield>
  <datafield tag="035" ind1=" " ind2=" ">
   <subfield code="a">(DE-576)085701505</subfield>
  </datafield>
  <datafield tag="035" ind1=" " ind2=" ">
   <subfield code="a">(DE-599)GBV276827376</subfield>
  </datafield>
  <datafield tag="035" ind1=" " ind2=" ">
   <subfield code="a">(OCoLC)28966438</subfield>
  </datafield>
  <datafield tag="035" ind1=" " ind2=" ">
   <subfield code="a">(OCoLC)231233187</subfield>
  </datafield>
  <datafield tag="035" ind1=" " ind2=" ">
   <subfield code="a">(OCoLC)231233187</subfield>
  </datafield>
  <datafield tag="040" ind1=" " ind2=" ">
   <subfield code="a">DE-627</subfield>
   <subfield code="b">ger</subfield>
   <subfield code="c">DE-627</subfield>
   <subfield code="e">rakwb</subfield>
  </datafield>
  <datafield tag="041" ind1=" " ind2=" ">
   <subfield code="a">ger</subfield>
  </datafield>
  <datafield tag="044" ind1=" " ind2=" ">
   <subfield code="c">XA-DDDE</subfield>
  </datafield>
  <datafield tag="050" ind1=" " ind2="0">
   <subfield code="a">MLCM 93/06441 (N)</subfield>
  </datafield>
  <datafield tag="084" ind1=" " ind2=" ">
   <subfield code="a">45</subfield>
   <subfield code="a">61</subfield>
   <subfield code="2">sdnb</subfield>
  </datafield>
  <datafield tag="084" ind1=" " ind2=" ">
   <subfield code="a">LK 65300</subfield>
   <subfield code="2">rvk</subfield>
   <subfield code="0">(DE-625)rvk/98070:</subfield>
  </datafield>
  <datafield tag="100" ind1="1" ind2=" ">
   <subfield code="a">Deubler, Heinz</subfield>
   <subfield code="d">1913-2004</subfield>
   <subfield code="0">(DE-588)129543365</subfield>
   <subfield code="0">(DE-627)472303317</subfield>
   <subfield code="0">(DE-576)216542758</subfield>
   <subfield code="4">aut</subfield>
  </datafield>
  <datafield tag="245" ind1="1" ind2="0">
   <subfield code="a">Burgen, Schlösser, Kirchen bei Rudolstadt</subfield>
   <subfield code="c">Heinz Deubler, Alfred Koch</subfield>
  </datafield>
  <datafield tag="264" ind1=" " ind2="1">
   <subfield code="a">Rudolstadt</subfield>
   <subfield code="b">Greifenverl.</subfield>
   <subfield code="c">1991</subfield>
  </datafield>
  <datafield tag="300" ind1=" " ind2=" ">
   <subfield code="a">95 Seiten</subfield>
   <subfield code="b">zahlr. Ill., graph. Darst.</subfield>
   <subfield code="c">23 cm</subfield>
  </datafield>
  <datafield tag="336" ind1=" " ind2=" ">
   <subfield code="a">Text</subfield>
   <subfield code="b">txt</subfield>
   <subfield code="2">rdacontent</subfield>
  </datafield>
  <datafield tag="337" ind1=" " ind2=" ">
   <subfield code="a">ohne Hilfsmittel zu benutzen</subfield>
   <subfield code="b">n</subfield>
   <subfield code="2">rdamedia</subfield>
  </datafield>
  <datafield tag="338" ind1=" " ind2=" ">
   <subfield code="a">Band</subfield>
   <subfield code="b">nc</subfield>
   <subfield code="2">rdacarrier</subfield>
  </datafield>
  <datafield tag="583" ind1="1" ind2=" ">
   <subfield code="a">Archivierung prüfen</subfield>
   <subfield code="c">20240324</subfield>
   <subfield code="f">DE-4165</subfield>
   <subfield code="z">1</subfield>
   <subfield code="2">pdager</subfield>
  </datafield>
  <datafield tag="653" ind1=" " ind2="0">
   <subfield code="a">Castles</subfield>
   <subfield code="a">Germany</subfield>
   <subfield code="a">Rudolstadt</subfield>
  </datafield>
  <datafield tag="653" ind1=" " ind2="0">
   <subfield code="a">Church architecture</subfield>
   <subfield code="a">Germany</subfield>
   <subfield code="a">Rudolstadt</subfield>
  </datafield>
  <datafield tag="655" ind1=" " ind2="7">
   <subfield code="a">Führer</subfield>
   <subfield code="0">(DE-588)4155569-7</subfield>
   <subfield code="0">(DE-627)10551487X</subfield>
   <subfield code="0">(DE-576)20982008X</subfield>
   <subfield code="2">gnd-content</subfield>
  </datafield>
  <datafield tag="689" ind1="0" ind2="0">
   <subfield code="d">g</subfield>
   <subfield code="0">(DE-588)4117139-1</subfield>
   <subfield code="0">(DE-627)104726008</subfield>
   <subfield code="0">(DE-576)209507403</subfield>
   <subfield code="a">Rudolstadt</subfield>
   <subfield code="z">Region</subfield>
   <subfield code="2">gnd</subfield>
  </datafield>
  <datafield tag="689" ind1="0" ind2="1">
   <subfield code="d">s</subfield>
   <subfield code="0">(DE-588)4009104-1</subfield>
   <subfield code="0">(DE-627)106364677</subfield>
   <subfield code="0">(DE-576)208880399</subfield>
   <subfield code="a">Burg</subfield>
   <subfield code="2">gnd</subfield>
  </datafield>
  <datafield tag="689" ind1="0" ind2=" ">
   <subfield code="5">DE-101</subfield>
  </datafield>
  <datafield tag="689" ind1="1" ind2="0">
   <subfield code="d">g</subfield>
   <subfield code="0">(DE-588)4117139-1</subfield>
   <subfield code="0">(DE-627)104726008</subfield>
   <subfield code="0">(DE-576)209507403</subfield>
   <subfield code="a">Rudolstadt</subfield>
   <subfield code="z">Region</subfield>
   <subfield code="2">gnd</subfield>
  </datafield>
  <datafield tag="689" ind1="1" ind2="1">
   <subfield code="d">s</subfield>
   <subfield code="0">(DE-588)4052753-0</subfield>
   <subfield code="0">(DE-627)104629436</subfield>
   <subfield code="0">(DE-576)209099739</subfield>
   <subfield code="a">Schloss</subfield>
   <subfield code="2">gnd</subfield>
  </datafield>
  <datafield tag="689" ind1="1" ind2=" ">
   <subfield code="5">DE-101</subfield>
  </datafield>
  <datafield tag="689" ind1="2" ind2="0">
   <subfield code="d">g</subfield>
   <subfield code="0">(DE-588)4117139-1</subfield>
   <subfield code="0">(DE-627)104726008</subfield>
   <subfield code="0">(DE-576)209507403</subfield>
   <subfield code="a">Rudolstadt</subfield>
   <subfield code="z">Region</subfield>
   <subfield code="2">gnd</subfield>
  </datafield>
  <datafield tag="689" ind1="2" ind2="1">
   <subfield code="d">s</subfield>
   <subfield code="0">(DE-588)4073436-5</subfield>
   <subfield code="0">(DE-627)104791268</subfield>
   <subfield code="0">(DE-576)209190450</subfield>
   <subfield code="a">Kirchenbau</subfield>
   <subfield code="2">gnd</subfield>
  </datafield>
  <datafield tag="689" ind1="2" ind2=" ">
   <subfield code="5">DE-101</subfield>
  </datafield>
  <datafield tag="700" ind1="1" ind2=" ">
   <subfield code="a">Koch, Alfred</subfield>
   <subfield code="d">1930-1998</subfield>
   <subfield code="0">(DE-588)138745056</subfield>
   <subfield code="0">(DE-627)605696721</subfield>
   <subfield code="0">(DE-576)308901886</subfield>
   <subfield code="4">aut</subfield>
  </datafield>
  <datafield tag="787" ind1="0" ind2="8">
   <subfield code="i">Rezensiert in</subfield>
   <subfield code="a">Sommer, Martin</subfield>
   <subfield code="t">[Rezension von: Heinz Deubler, Alfred Koch, Burgen, Schlösser, Kirchen bei Rudolstadt]</subfield>
   <subfield code="d">Braubach : Europäisches Burgeninstitut, 1991</subfield>
   <subfield code="w">(DE-627)1914389352</subfield>
  </datafield>
  <datafield tag="889" ind1=" " ind2=" ">
   <subfield code="w">(DE-627)021173486</subfield>
  </datafield>
  <datafield tag="935" ind1=" " ind2=" ">
   <subfield code="i">mdedup</subfield>
  </datafield>
  <datafield tag="935" ind1=" " ind2=" ">
   <subfield code="i">Blocktest</subfield>
  </datafield>
  <datafield tag="936" ind1="r" ind2="v">
   <subfield code="a">LK 65300</subfield>
   <subfield code="b">Rudolstadt (mit Heidecksburg)</subfield>
   <subfield code="k">Kunstgeschichte</subfield>
   <subfield code="k">Kunst nach Ländern bzw. Kontinenten</subfield>
   <subfield code="k">Deutschland</subfield>
   <subfield code="k">Kunsttopografie Deutschlands</subfield>
   <subfield code="k">Orte Deutschlands</subfield>
   <subfield code="k">Orte R</subfield>
   <subfield code="k">Rudolstadt (mit Heidecksburg)</subfield>
   <subfield code="0">(DE-627)1271299917</subfield>
   <subfield code="0">(DE-625)rvk/98070:</subfield>
   <subfield code="0">(DE-576)201299917</subfield>
  </datafield>
  <datafield tag="951" ind1=" " ind2=" ">
   <subfield code="a">BO</subfield>
  </datafield>
  <datafield tag="990" ind1=" " ind2=" ">
   <subfield code="a">Rudolstadt</subfield>
  </datafield>
  <datafield tag="990" ind1=" " ind2=" ">
   <subfield code="a">Burg</subfield>
  </datafield>
  <datafield tag="990" ind1=" " ind2=" ">
   <subfield code="a">Rudolstadt</subfield>
  </datafield>
  <datafield tag="990" ind1=" " ind2=" ">
   <subfield code="a">Schloss</subfield>
  </datafield>
  <datafield tag="990" ind1=" " ind2=" ">
   <subfield code="a">Rudolstadt</subfield>
  </datafield>
  <datafield tag="990" ind1=" " ind2=" ">
   <subfield code="a">Kirchenbau</subfield>
  </datafield>
  <datafield tag="991" ind1=" " ind2=" ">
   <subfield code="a">Rezensiertes Werk</subfield>
  </datafield>
  <datafield tag="999" ind1=" " ind2=" ">
   <subfield code="a">KXP-PPN276827376</subfield>
   <subfield code="e">4915997847</subfield>
  </datafield>
 </record>
</collection>
